logo

Bir Sreshtho Munshi Abdur Rouf Library
Jhenaidah Cadet College

বাঙলা ভাষা / (Record no. 2139)

MARC details
000 -LEADER
fixed length control field 00701nam a2200241 a 4500
001 - CONTROL NUMBER
JCCL Control Number 2139
003 - CONTROL NUMBER IDENTIFIER
JCCL marc code BD-JhCC
005 - DATE AND TIME OF LATEST TRANSACTION
control field 20171030170155.0
008 - FIXED-LENGTH DATA ELEMENTS--GENERAL INFORMATION
fixed length control field 171030s2002 bg ||||| ||a| 00| 0 ben d
020 ## - INTERNATIONAL STANDARD BOOK NUMBER
International Standard Book Number 98440143879
035 ## - SYSTEM CONTROL NUMBER
system control number (BD-JhCC)2139
040 ## - CATALOGING SOURCE
Original cataloging agency BD-JhCC
Modifying agency BD-JhCC
041 ## - LANGUAGE CODE
Language code of Book ben
082 ## - DEWEY DECIMAL CLASSIFICATION NUMBER
Classification number 410
Author mark and Year BAN 2002
245 ## - TITLE STATEMENT
Title বাঙলা ভাষা /
Statement of responsibility, etc হুমায়ুন আজাদ (সম্পা.)
250 ## - EDITION STATEMENT
Edition statement 2nd ed.
260 ## - PUBLICATION, DISTRIBUTION, ETC. (IMPRINT)
Place of publication, distribution, etc ঢাকা,
Name of publisher, distributor, etc আগামী প্রকাশনী,
Date of publication, distribution, etc 2002
300 ## - PHYSICAL DESCRIPTION
Pagination 743 p.
Dimensions 20 cm.
650 ## - SUBJECT ADDED ENTRY--TOPICAL TERM
Topical term or geographic name as entry element Collection of Linguestic essay
700 ## - ADDED ENTRY--PERSONAL NAME
Personal name হুমায়ুন, আজাদ
942 ## - ADDED ENTRY ELEMENTS (KOHA)
Source of classification or shelving scheme Dewey Decimal Classification
Koha item type Books
Holdings
Source of classification or shelving scheme volume number Damaged status Not for loan Home library Current library Shelving location Date of accession Cost, normal purchase price Total Checkouts Full call number Barcode Date last seen Date checked out Copy number Koha item type
Dewey Decimal Classification V-1     JCC Rouf Library JCC Rouf Library General Stacks 10/30/2017 600.00 1 410 BAN 2002 3181 09/26/2023 09/26/2023 C-1 Books
Dewey Decimal Classification V-1     JCC Rouf Library JCC Rouf Library General Stacks 04/09/2019 850.00   410 BAN 2002 14677 04/09/2019   C-2 Books
Dewey Decimal Classification V-2     JCC Rouf Library JCC Rouf Library General Stacks 04/09/2019 850.00   410 BAN 2002 14678 04/09/2019   C-1 Books

JCC Library | Contacts | JCC Home

Last Update on 23 September 2017
Copyright @ 2017-2020 JCC Rouf Library
Rouf Library, Jhenidah Cadet College (JCC), Bangladesh